000 00520nam a22001817a 4500
003 OSt
005 20140310183051.0
008 130228t xxu||||| |||| 00| 0 eng d
020 _a9789712353062
050 _aHF 5635
_b.M113 2009
100 _aMacapilit, Cecilia Hugo.
245 _a Worktext in basic accounting (service/merchandising) /
_cCecilia Hugo Macapilit
260 _a Manila :
_bRex Book Store,
_c2009.
300 _a324 p. :
_c25 cm.
_bill. ;
521 _aBSA
942 _2lcc
_cBK
_kLOC
999 _c18660
_d18660